00629nam a2200181 a 450000100100000000500170001000800410002704000250006808200150009310000570010824500380016526000420020330000210024550000420026604900090030895201130031799900170043000001705120200929165018.0100316s1951 dr 000 0 spa d aDO-SdBNPbspacBNPHU axxxbH557s1 aHernández, Jafet D. /cJafet D. Hernández93762710aSintaxis de la lengua española. aCiudad Trujillo :bDominicana,c1951. a150 p. ;c23 cm. aIncluye notas al pie de las páginas aBNPD 001050718RVaPDbPDcHDd2010-03-16iLF1l0oxxx H557sp17051-10r2020-06-25w2020-06-25y1ZNo se presta c16577d16577